[Event "19th Lviv Tradition 2018"]
[Site "Lviv"]
[Date "2018.01.25"]
[Round "6"]
[White "Bets, Anatolij"]
[Black "Bykovskiy, Oleg"]
[Result "1-0"]
[WhiteElo "2266"]
[BlackElo "2197"]
[Annotator "TA"]
[PlyCount "63"]
[EventDate "2018.??.??"]
[EventType "tourn"]
[EventCountry "UKR"]
[SourceTitle "playchess.com"]
[Source "ChessBase"]
[SourceQuality "1"]

{[%evp 28,63,77,66,117,100,87,104,223,206,219,93,172,169,204,217,204,196,190,161,282,277,266,268,248,224,491,450,468,441,858,829,814,619,1074,1015,1860,1870]} 1. d4 d6 2. Nf3 Nf6 3. c4 g6 4. Nc3 Bg7 5. e4 O-O 6. Be2 e5 7. O-O Nc6 8. d5 Ne7 9. Ne1 Nd7 10. Be3 f5 11. f3 f4 12. Bf2 g5 13. b4 {[%cal Bb2b4,Bb4a5][%mdl 32]} Nf6 14. c5 Ng6 15. a4 {LiveBook: 6 Games. E99: King's Indian: Classical Main Line: 9 Ne1 Nd7 10 f3 f5} (15. Rc1 Rf7 16. a4 h5 17. a5 g4 18. cxd6 cxd6 19. Nb5 g3 20. Bxa7 Nh7 21. Kh1 Rxa7 22. Rxc8 Qxc8 23. Nxa7 Qb8 24. Nb5 Qd8 25. h3 Ng5 26. Rg1 Nh4 {½-½ (26) Starke,R (2666)-Winckelmann,T (2584) ICCF email 2010}) 15... a5 (15... h5 $14) 16. cxd6 cxd6 17. bxa5 {White is better.} g4 $146 (17... Qxa5 $16 18. Qb3 Qd8) ({Predecessor:} 17... Bd7 18. Bb6 Qe7 19. Nd3 h5 20. Qe1 g4 21. Rb1 Rfc8 22. Kh1 Ne8 {1-0 (72) Bilsel,S (1942)-Gasanov,E (1936) LSS email 2011}) 18. Bb6 Qe7 19. Nb5 (19. fxg4 $18 h6 20. h3) 19... g3 {[#]} (19... Bd7 $16) 20. Nc7 $1 $18 {[%cal Rc7a8]} Nh5 {[#] White must now prevent ...Qh4!} 21. h3 $1 (21. Nxa8 $2 Qh4 $19) 21... Qh4 22. Ne6 (22. Nxa8 $2 {too greedy.} Bxh3 23. gxh3 (23. Bd8 $2 Rxd8 24. gxh3 Qxh3 $19) 23... Qxh3 $19) 22... Rf7 23. Qb3 Bf6 (23... Bf8 {was called for.} 24. Nd3 Ng7) 24. Rc1 Ng7 25. Bb5 Be7 26. Nd3 Rf6 $2 (26... Nf8 {might work better.} 27. Nc7 Bxh3 28. gxh3 (28. Nxa8 $2 {gets mated.} Bxg2 29. Kxg2 Qh2#) 28... Rb8) 27. Rc7 {White is clearly winning.} Nxe6 28. dxe6 d5 (28... Bxe6 $142 29. Bc4 Bxc4 30. Qxc4+ Kh8 31. Rxb7 Rff8) 29. exd5 {[%cal Be4d5,Bd5d6][%mdl 32]} e4 30. Qc4 exf3 31. Rxf3 Rf8 32. d6 {Precision: White = 69%, Black = 22%.} 1-0

[Event "19th Lviv Tradition 2018"]
[Site "Lviv"]
[Date "2018.01.25"]
[Round "6"]
[White "Sevostianov, Pavel"]
[Black "Mosesov, Danylo"]
[Result "1/2-1/2"]
[WhiteElo "2266"]
[BlackElo "2294"]
[Annotator "RC"]
[PlyCount "98"]
[EventDate "2018.??.??"]
[EventType "tourn"]
[EventCountry "UKR"]
[SourceTitle "playchess.com"]
[Source "ChessBase"]
[SourceQuality "1"]
[TimeControl "5400+30"]

1. Nf3 {[%emt 0:00:06]} Nf6 {[%emt 0:00:05]} 2. g3 {[%emt 0:00:18]} b5 {[%emt 0:00:25]} 3. Bg2 {[%emt 0:01:17]} Bb7 {[%emt 0:00:10]} 4. O-O {[%emt 0:00:11]} e6 {[%emt 0:00:10]} 5. d3 {[%emt 0:00:32]} c5 {[%emt 0:01:16]} 6. e4 {[%emt 0:00:35]} d6 {[%emt 0:00:24]} 7. Ng5 {[%emt 0:02:07]} h6 {[%emt 0:03:45]} 8. Nh3 {[%emt 0:00:00]} Nbd7 {[%emt 0:00:48]} 9. f4 {[%emt 0:00:13]} Be7 {[%emt 0:05:33]} 10. Nd2 {[%emt 0:01:19]} Qc7 {[%emt 0:03:14]} 11. Nf3 {[%emt 0:02:10]} O-O {[%emt 0:01:25]} 12. Nf2 {[%emt 0:00:36]} e5 {[%emt 0:04:02]} 13. Nh4 {[%emt 0:00:42]} Rfe8 {[%emt 0:01:25]} 14. Nf5 {[%emt 0:03:59]} Bf8 {[%emt 0:00:11]} 15. Ng4 {[%emt 0:00:25]} Re6 {[%emt 0:05:34]} 16. Nge3 {[%emt 0:03:38]} c4 {[%emt 0:02:03]} 17. a4 {[%emt 0:05:16]} a6 {[%emt 0:02:09]} 18. axb5 {[%emt 0:04:31]} axb5 {[%emt 0:00:05]} 19. Rxa8 {[%emt 0:00:05]} Bxa8 {[%emt 0:00:05]} 20. Bd2 {[%emt 0:00:36]} Qc5 {[%emt 0:04:09]} 21. Kh1 {[%emt 0:01:17]} Bb7 {[%emt 0:08:52]} 22. Qe1 {[%emt 0:03:03]} Qc8 {[%emt 0:04:34]} 23. b4 {[%emt 0:04:26]} cxb3 {[%emt 0:02:07]} 24. cxb3 {[%emt 0:00:01]} Nc5 {[%emt 0:00:08]} 25. Qb1 {[%emt 0:00:10]} Qa8 {[%emt 0:03:18]} 26. b4 {[%emt 0:00:42]} Na4 {[%emt 0:04:05]} 27. Rf2 {[%emt 0:05:17]} Kh8 {[%emt 0:02:31]} 28. Qf1 {[%emt 0:04:17]} Qd8 {[%emt 0:01:25]} 29. Bh3 {[%emt 0:06:41]} exf4 {[%emt 0:06:16]} 30. gxf4 {[%emt 0:01:36]} Re8 {[%emt 0:03:16]} 31. Bg2 {[%emt 0:01:23]} Kh7 {[%emt 0:04:57]} 32. Qb1 {[%emt 0:01:44]} g6 {[%emt 0:02:38]} 33. Ng3 {[%emt 0:00:22]} Bg7 {[%emt 0:00:07]} 34. d4 {[%emt 0:01:57]} Qb6 {[%emt 0:02:14]} 35. e5 {[%emt 0:05:06]} Bxg2+ 36. Rxg2 {[%emt 0:00:14]} dxe5 {[%emt 0:02:09]} 37. fxe5 {[%emt 0:02:56]} Qxd4 {[%emt 0:05:19]} 38. exf6 {[%emt 0:00:13]} Bxf6 {[%emt 0:00:01]} 39. Qb3 {[%emt 0:01:34]} Re6 {[%emt 0:00:44]} 40. Qd5 {[%emt 0:11:41]} Qb6 {[%emt 0:02:16]} 41. Ne4 {[%emt 0:00:37]} Bg7 {[%emt 0:00:05]} 42. Nc5 {[%emt 0:01:58]} Nxc5 {[%emt 0:02:34]} 43. bxc5 {[%emt 0:00:16]} Qa6 {[%emt 0:00:11]} 44. Rf2 {[%emt 0:00:30]} f5 {[%emt 0:01:06]} 45. Nc2 {[%emt 0:02:17]} Re4 {[%emt 0:01:43]} 46. Qd7 Rc4 {[%emt 0:01:24]} 47. Be3 {[%emt 0:07:12]} Qa8+ {[%emt 0:01:25]} 48. Kg1 {[%emt 0:00:42]} Qe4 {[%emt 0:01:58]} 49. Bd4 {[%emt 0:02:47]} Qg4+ {[%emt 0:00:10]} 1/2-1/2

[Event "19th Lviv Tradition 2018"]
[Site "Lviv"]
[Date "2018.01.25"]
[Round "6"]
[White "Kyrychenko, Maryan"]
[Black "Medvedyk, Volodymyr"]
[Result "0-1"]
[WhiteElo "2254"]
[BlackElo "2116"]
[Annotator "TA"]
[PlyCount "54"]
[EventDate "2018.??.??"]
[EventType "tourn"]
[EventCountry "UKR"]
[SourceTitle "playchess.com"]
[Source "ChessBase"]
[SourceQuality "1"]

{[%evp 17,54,38,30,0,0,-62,-58,-85,-94,-106,-104,-109,-95,-241,-271,-219,-242,-442,-437,-424,-388,-620,-613,-670,-668,-668,-677,-654,-658,-965,-583,-595,-493,-662,-661,-658,-639,-770,-762]} 1. e4 e5 2. Nf3 Nc6 3. d4 exd4 4. Nxd4 Bc5 5. Nb3 Bb6 6. Nc3 Nf6 7. Qe2 {C45: Scotch Game} (7. Bg5 h6 8. Bh4 d6 9. f3 g5 10. Bg3 Qe7 11. Qd2 Bd7 12. h4 Rg8 13. O-O-O O-O-O 14. hxg5 hxg5 15. Rh6 Be6 16. Bb5 Bxb3 17. axb3 {1-0 (41) Navara,D (2726)-Malakhov,V (2691) Antalya 2017}) 7... d6 8. Be3 O-O 9. O-O-O Be6 {LiveBook: 14 Games} 10. h3 Qe7 $146 ({Predecessor:} 10... Re8 11. Bxb6 axb6 12. g4 Bxb3 13. cxb3 Qe7 14. Bg2 d5 15. Kb1 {0-1 (46) Iwanow,A (2209)-Matras,A (2274) Chorzow 2013}) 11. Nd4 ({White should try} 11. Kb1 $11) 11... Ba5 $15 12. Nd5 Bxd5 13. exd5 Nxd5 14. Nf5 Qe5 15. Rxd5 (15. g4 $17) 15... Qxd5 $19 16. Qg4 {[%csl Gf5][%cal Rg4g7] [#]} g6 17. Bd3 $2 (17. Nh6+ Kg7 18. Bc4) 17... Qxa2 {[%cal Ra2a1]} 18. c3 {White hopes to continue with Qh4.} Ne5 19. Nh6+ (19. Bb1 $142 Nxg4 20. Bxa2 Nxe3 21. Nxe3) 19... Kg7 {Black is clearly winning.} 20. Nf5+ Kh8 21. Bd4 f6 {[%cal Bf7f6,Bf6e5][%mdl 32]} 22. Bxe5 fxe5 23. Ne7 Qa1+ 24. Bb1 {intending Nxg6+!} Rf6 {...Bxc3! is the strong threat.} (24... Rxf2 $2 {[#]} 25. Nxg6+ $1 {[%mdl 512]} hxg6 26. Qh4+ Kg7 27. Qxf2 $19) 25. Qh4 {[%cal Rh4f6]} Raf8 26. f3 c6 27. Rd1 Bd8 {Precision: White = 28%, Black = 97%.} 0-1

[Event "19th Lviv Tradition 2018"]
[Site "Lviv"]
[Date "2018.01.25"]
[Round "6"]
[White "Kagramanianz, Vartan"]
[Black "Kryvoruchko, Vita"]
[Result "1/2-1/2"]
[WhiteElo "2247"]
[BlackElo "2192"]
[Annotator "TA"]
[PlyCount "56"]
[EventDate "2018.??.??"]
[EventType "tourn"]
[EventCountry "UKR"]
[SourceTitle "playchess.com"]
[Source "ChessBase"]
[SourceQuality "1"]

{[%evp 17,56,27,48,27,43,52,57,47,58,56,57,56,54,66,65,66,99,108,108,100,96,99,105,59,95,76,83,85,85,65,58,18,20,14,12,7,6,6,7,6,4]} 1. d4 Nf6 2. Bf4 d5 3. e3 Bf5 4. Bd3 Bg6 5. Nf3 Nbd7 6. O-O e6 7. c4 Be7 8. Nc3 c6 9. h3 O-O {LiveBook: 5 Games. D02: 1 d4 d5 2 Nf3 sidelines, including 2...Nf6 3 g3 and 2...Nf6 3 Bf4} 10. c5 (10. a3 a6 11. Bxg6 hxg6 12. Qd3 dxc4 13. Qxc4 c5 14. dxc5 Bxc5 15. Rfd1 Rc8 16. Qe2 Qe8 17. Ne5 Nxe5 18. Bxe5 {½-½ (31) Bu,X (2712)-Ding,L (2770) Zaozhuang 2015}) 10... Ne4 $146 ({Predecessor:} 10... Re8 11. Ne5 Nxe5 12. Bxe5 Nd7 13. Bg3 e5 14. Bxg6 hxg6 {½-½ (45) Rakos,A (1927)-Diczko,Z (1751) Balatonlelle 2009}) 11. Bxe4 Bxe4 {White is slightly better.} 12. Nxe4 dxe4 13. Nd2 {[%cal Bf3d2,Bd2e4,Be4g5][%mdl 32]} e5 14. Bxe5 Nxe5 15. dxe5 Qd5 16. Qc2 Bxc5 17. Nxe4 Bb6 18. Ng5 {[%csl Gg5][%cal Rc2h7] [#]} g6 19. Nf3 Rad8 20. a4 Rfe8 21. Rad1 Qe6 22. Rxd8 Bxd8 23. Rd1 Bc7 24. Qc3 Bxe5 {The position is equal.} 25. Nxe5 Qxe5 26. Rd7 Qxc3 27. bxc3 Re4 28. Rxb7 Rxa4 {Precision: White = 56%, Black = 76%.} 1/2-1/2

[Event "19th Lviv Tradition 2018"]
[Site "Lviv"]
[Date "2018.01.25"]
[Round "7"]
[White "Molchanov, Oleksii"]
[Black "Sevostianov, Pavel"]
[Result "1-0"]
[WhiteElo "2329"]
[BlackElo "2266"]
[Annotator "NA"]
[PlyCount "83"]
[EventDate "2018.??.??"]
[EventType "tourn"]
[EventCountry "UKR"]
[SourceTitle "playchess.com"]
[Source "ChessBase"]
[SourceQuality "1"]
[TimeControl "5400+30"]

1. e4 {[%emt 0:01:01]} e5 {[%emt 0:01:05]} 2. Nf3 {[%emt 0:00:50]} Nc6 {[%emt 0:00:24]} 3. Bb5 {[%emt 0:01:11]} a6 {[%emt 0:01:37]} 4. Ba4 {[%emt 0:00:14]} Nf6 {[%emt 0:01:03]} 5. O-O {[%emt 0:00:46]} Be7 {[%emt 0:01:27]} 6. Re1 {[%emt 0:00:19]} b5 {[%emt 0:01:32]} 7. Bb3 {[%emt 0:00:13]} d6 {[%emt 0:00:25]} 8. c3 {[%emt 0:01:30]} O-O {[%emt 0:01:39]} 9. h3 {[%emt 0:01:12]} Re8 {[%emt 0:01:44]} 10. d4 {[%emt 0:03:25]} Bb7 {[%emt 0:01:50]} 11. Nbd2 {[%emt 0:02:00]} Bf8 {[%emt 0:01:55]} 12. Bc2 {[%emt 0:02:18]} h6 {[%emt 0:02:07]} 13. a4 {[%emt 0:00:01]} exd4 {[%emt 0:00:02]} 14. cxd4 {[%emt 0:01:37]} Nb4 {[%emt 0:00:45]} 15. Bb1 {[%emt 0:00:52]} c5 {[%emt 0:01:27]} 16. d5 {[%emt 0:00:39]} Nd7 {[%emt 0:02:14]} 17. Ra3 {[%emt 0:03:02]} f5 {[%emt 0:02:25]} 18. g4 {[%emt 0:08:03]} fxg4 {[%emt 0:03:23]} 19. hxg4 {[%emt 0:00:21]} c4 {[%emt 0:01:57]} 20. Ree3 {[%emt 0:05:51]} Qf6 {[%emt 0:02:08]} 21. Ne1 {[%emt 0:05:13]} Nc5 {[%emt 0:01:24]} 22. Rh3 {[%emt 0:03:39]} (22. Nf1 $11 {remains equal.}) 22... g6 {[%emt 0:01:55]} 23. Rae3 {[%emt 0:01:36]} Qd4 {[%emt 0:04:11]} 24. Qe2 {[%emt 0:02:11]} Bc8 {[%emt 0:00:53]} 25. Rhg3 {[%emt 0:01:48]} Qg7 {[%emt 0:05:07]} 26. b3 {[%emt 0:15:47]} c3 {[%emt 0:04:45]} 27. a5 {[%emt 0:00:43]} Be7 {[%emt 0:01:43] [#]} 28. Ba3 $1 {[%emt 0:01:42]} ({Much worse is} 28. Rxc3 Bh4 $11) 28... cxd2 {[%emt 0:02:13]} 29. Qxd2 {[%emt 0:00:18]} Bg5 {[%emt 0:02:18]} 30. Bxb4 {[%emt 0:03:04]} Bf4 {[%emt 0:01:28]} ({Better is} 30... Bxe3 $14 31. Qxe3 g5) 31. Bc3 {[%emt 0:01:32]} Qf7 {[%emt 0:01:32]} 32. Qd4 {[%emt 0:03:03]} Be5 {[%emt 0:01:10] [#]} 33. Qb4 $1 {[%emt 0:01:34]} Bxg3 {[%emt 0:03:02]} 34. Rxg3 {[%emt 0:00:26]} Kh7 {[%emt 0:02:27]} 35. Ng2 {[%emt 0:01:03]} Kg8 {[%emt 0:01:23]} 36. e5 {[%emt 0:02:50]} Qxd5 {[%emt 0:00:33]} 37. Bxg6 {[%emt 0:00:16]} Re6 {[%emt 0:00:22]} 38. Bc2 $18 {[%emt 0:01:57]} (38. Nf4 $2 Qd1+ 39. Be1 Rxe5 $19) 38... Bb7 {[%emt 0:02:43]} 39. g5 {[%emt 0:01:18]} h5 {[%emt 0:04:03]} 40. Qh4 {[%emt 0:00:36]} Rxe5 {[%emt 0:00:19]} 41. Qxh5 {[%emt 0:00:22]} Qf7 {[%emt 0:00:07]} 42. Qh6 {[%emt 0:01:35]} 1-0

[Event "19th Lviv Tradition 2018"]
[Site "Lviv"]
[Date "2018.01.25"]
[Round "7"]
[White "Mosesov, Danylo"]
[Black "Kagramanianz, Vartan"]
[Result "1/2-1/2"]
[WhiteElo "2294"]
[BlackElo "2247"]
[Annotator "NA"]
[PlyCount "60"]
[EventDate "2018.??.??"]
[EventType "tourn"]
[EventCountry "UKR"]
[SourceTitle "playchess.com"]
[Source "ChessBase"]
[SourceQuality "1"]
[TimeControl "5400+30"]

1. d4 {[%emt 0:00:19]} d5 {[%emt 0:00:12]} 2. c4 {[%emt 0:00:06]} c6 {[%emt 0:00:04]} 3. cxd5 {[%emt 0:00:03]} cxd5 {[%emt 0:00:05]} 4. Nc3 {[%emt 0:00:03]} Nf6 {[%emt 0:00:07] LiveBook: 5188 Games} 5. Bf4 {[%emt 0:00:05]} a6 {[%emt 0:00:03]} 6. e3 {[%emt 0:00:39]} Nc6 {[%emt 0:00:10]} 7. Bd3 {[%emt 0:00:04]} Bg4 {[%emt 0:02:07]} 8. Nge2 {[%emt 0:00:35]} e6 {[%emt 0:01:21]} 9. O-O {[%emt 0:00:06]} Be7 {[%emt 0:01:31]} 10. Rc1 {[%emt 0:01:22]} Bh5 {[%emt 0:01:20] D10: Damengambit (Slawische Verteidigung)} 11. a3 {[%emt 0:00:54]} Bg6 {[%emt 0:00:52]} 12. b4 {[%emt 0:01:14]} O-O {[%emt 0:07:30]} 13. Na4 {[%emt 0:02:10]} Nh5 $146 {[%emt 0:05:07]} ({Vorgänger:} 13... Nd7 14. Bg3 Bxd3 15. Qxd3 Rc8 16. Nc5 Nxc5 17. dxc5 b6 18. Qxa6 bxc5 19. bxc5 {½-½ (149) Prohaszka,P (2583)-Neuman,P (2499) Germany 2013}) 14. h3 {[%emt 0:02:39]} Bxd3 {[%emt 0:01:59]} 15. Qxd3 {[%emt 0:00:12]} Nxf4 {[%emt 0:00:35]} 16. Nxf4 {[%emt 0:00:05]} Bd6 {[%emt 0:00:55]} 17. Ne2 {[%emt 0:01:33]} Qe7 {[%emt 0:03:35]} 18. Rc3 {[%emt 0:05:46]} Na7 {[%emt 0:10:16]} 19. Rfc1 {[%emt 0:02:32]} Nb5 {[%emt 0:04:02]} 20. R3c2 {[%emt 0:00:21]} Rad8 {[%emt 0:00:43]} 21. Nc5 {[%emt 0:04:11]} Bb8 {[%emt 0:01:41]} 22. a4 {[%emt 0:09:19]} Nd6 {[%emt 0:00:40]} 23. a5 {[%emt 0:00:18]} Kh8 {[%emt 0:13:54]} 24. Rb1 {[%emt 0:12:05]} Rc8 {[%emt 0:05:07]} 25. Rbc1 {[%emt 0:04:19]} Rcd8 {[%emt 0:01:16]} 26. Rb1 {[%emt 0:00:20]} Rc8 {[%emt 0:00:12]} 27. Rbc1 {[%emt 0:00:04]} Rcd8 {[%emt 0:00:05]} 28. Rb1 {[%emt 0:00:03]} Rc8 {[%emt 0:00:29]} 29. Rbc1 {[%emt 0:00:04]} Rcd8 $11 {[%emt 0:00:05]} 30. Rb1 {[%emt 0:00:04]} Rc8 {[%emt 0:00:06]} 1/2-1/2

[Event "19th Lviv Tradition 2018"]
[Site "Lviv"]
[Date "2018.01.25"]
[Round "7"]
[White "Bykovskiy, Oleg"]
[Black "Moliboga, V."]
[Result "1-0"]
[WhiteElo "2197"]
[BlackElo "2310"]
[Annotator "NA"]
[PlyCount "161"]
[EventDate "2018.??.??"]
[EventType "tourn"]
[EventCountry "UKR"]
[SourceTitle "playchess.com"]
[Source "ChessBase"]
[SourceQuality "1"]
[TimeControl "5400+30"]

1. e4 {[%emt 0:00:00]} d6 {[%emt 0:00:11]} 2. d4 {[%emt 0:00:00]} Nf6 {[%emt 0:00:06]} 3. Nc3 {[%emt 0:00:00]} g6 {[%emt 0:00:06]} 4. f4 {[%emt 0:00:00]} Bg7 {[%emt 0:00:05]} 5. e5 {[%emt 0:00:00] LiveBook: 131 Games} dxe5 {[%emt 0:02:20]} 6. dxe5 {[%emt 0:00:01]} Qxd1+ {[%emt 0:00:52]} 7. Kxd1 {[%emt 0:00:37]} Ng4 {[%emt 0:00:25]} 8. Ke1 {[%emt 0:00:05]} f6 {[%emt 0:05:11]} 9. h3 {[%emt 0:02:04] B09: Pirc Defence: Austrian Attack} Nh6 {[%emt 0:00:09]} 10. exf6 {[%emt 0:00:18]} exf6 {[%emt 0:00:19]} 11. g4 {[%emt 0:00:02]} f5 {[%emt 0:01:57]} 12. g5 $146 {[%emt 0:01:02]} ({Predecessor:} 12. Bc4 fxg4 13. Nd5 Kd7 14. hxg4 Nxg4 15. f5 c6 16. Nf4 gxf5 {0-1 (46) Nieto,E (2169)-Cekro,E (2408) Belgium 2005}) 12... Nf7 {[%emt 0:00:17]} 13. Nf3 {[%emt 0:01:37]} Bd7 {[%emt 0:08:59]} 14. Kf2 {[%emt 0:00:59]} Nc6 {[%emt 0:00:47]} 15. Bc4 {[%emt 0:01:12]} Nd6 {[%emt 0:00:42]} 16. Re1+ {[%emt 0:00:43]} Kd8 {[%emt 0:00:29]} 17. Bb3 {[%emt 0:01:33]} Nd4 {[%emt 0:15:51]} 18. Ne5 {[%emt 0:06:10]} Re8 {[%emt 0:01:27]} 19. Be3 {[%emt 0:04:14]} Nxb3 {[%emt 0:03:46]} 20. axb3 {[%emt 0:00:10]} Bxe5 {[%emt 0:01:26]} 21. fxe5 {[%emt 0:00:02]} Rxe5 {[%emt 0:00:16]} 22. Bd4 {[%emt 0:00:01]} Ne4+ {[%emt 0:01:59]} 23. Nxe4 {[%emt 0:03:22]} Rxe4 {[%emt 0:00:34]} 24. Rxe4 {[%emt 0:00:02]} fxe4 {[%emt 0:00:08]} 25. Ke3 {[%emt 0:00:00]} Bf5 {[%emt 0:00:44]} 26. Kf4 {[%emt 0:00:10]} Kd7 {[%emt 0:01:21]} 27. h4 {[%emt 0:00:02] [#]} e3 $1 {[%emt 0:05:23]} 28. Kxe3 {[%emt 0:01:48]} Bxc2 {[%emt 0:00:31]} 29. b4 {[%emt 0:00:01]} a6 {[%emt 0:02:56]} 30. Kf4 {[%emt 0:03:24]} Re8 {[%emt 0:00:40]} 31. Be5 {[%emt 0:00:02]} Re6 {[%emt 0:00:58]} 32. Rc1 {[%emt 0:08:30]} Rc6 {[%emt 0:00:46]} 33. Bd4 {[%emt 0:00:02]} Rc4 {[%emt 0:01:30]} 34. Ke5 {[%emt 0:00:36]} Kc6 {[%emt 0:00:17]} 35. Bc3 {[%emt 0:01:33]} Re4+ {[%emt 0:11:16]} 36. Kf6 {[%emt 0:00:47]} Bb3 {[%emt 0:05:49]} 37. Be5+ {[%emt 0:05:13]} Rc4 {[%emt 0:00:35]} 38. Rh1 {[%emt 0:03:38]} Rxb4 {[%emt 0:03:43]} 39. Kg7 {[%emt 0:00:27]} Rb5 {[%emt 0:05:06]} 40. Bf6 {[%emt 0:01:53]} Bd5 {[%emt 0:01:55]} 41. Rh2 {[%emt 0:00:37]} ({Better is} 41. Rh3 $11) 41... Be4 {[%emt 0:00:57]} ({Black should play} 41... Bf3 $1 $15) 42. Kxh7 {[%emt 0:00:06]} Rd5 {[%emt 0:00:28]} 43. Re2 {[%emt 0:00:48]} Rd7+ {[%emt 0:00:48]} 44. Kh6 $14 {[%emt 0:00:05]} Bd3 {[%emt 0:02:28]} 45. Re3 {[%emt 0:08:23]} Bf5 {[%emt 0:00:44]} 46. Rf3 {[%emt 0:00:31]} Kd5 {[%emt 0:03:08]} 47. h5 {[%emt 0:03:57]} Be4 {[%emt 0:03:26]} 48. Rf2 {[%emt 0:00:29]} gxh5 {[%emt 0:00:56]} 49. g6 {[%emt 0:00:05]} Bxg6 {[%emt 0:00:58]} 50. Kxg6 {[%emt 0:00:08]} c5 {[%emt 0:00:50]} 51. Rh2 {[%emt 0:02:02]} b5 {[%emt 0:00:21]} 52. Rxh5+ {[%emt 0:00:02]} Kc4 {[%emt 0:01:09]} 53. Rh4+ {[%emt 0:01:36]} Kb3 {[%emt 0:03:05]} 54. Rh3+ {[%emt 0:00:10]} Kb4 {[%emt 0:00:20]} 55. Ra3 {[%emt 0:00:13]} a5 {[%emt 0:01:34]} 56. Bc3+ {[%emt 0:00:55]} Kc4 {[%emt 0:00:07]} 57. Rxa5 {[%emt 0:00:22]} b4 {[%emt 0:01:59]} 58. Be5 {[%emt 0:00:46]} Kd5 {[%emt 0:01:16]} 59. Kf5 {[%emt 0:02:07]} Rh7 {[%emt 0:00:08]} 60. Bf6 {[%emt 0:00:11]} Rh2 {[%emt 0:00:18]} 61. Ra8 {[%emt 0:01:31]} Rf2+ {[%emt 0:00:13]} 62. Kg6 {[%emt 0:00:01]} Kc6 {[%emt 0:01:06]} 63. Kf7 {[%emt 0:00:22]} Kb7 {[%emt 0:00:41]} 64. Re8 {[%emt 0:00:06]} Kc6 {[%emt 0:00:50]} 65. Ke6 {[%emt 0:00:18]} c4 {[%emt 0:00:49]} 66. Rc8+ {[%emt 0:00:17]} Kb5 {[%emt 0:00:19]} 67. Bd4 {[%emt 0:01:04]} Rh2 {[%emt 0:01:23]} 68. Rc5+ {[%emt 0:00:46]} Ka4 {[%emt 0:00:17]} 69. Rxc4 {[%emt 0:00:19]} Kb3 {[%emt 0:01:08]} 70. Rc8 {[%emt 0:00:15]} Rh5 {[%emt 0:00:24]} 71. Be5 {[%emt 0:00:37]} Ka2 {[%emt 0:00:13]} 72. Ra8+ {[%emt 0:00:14]} Kb3 {[%emt 0:00:56]} 73. Rb8 {[%emt 0:00:10]} Rh4 {[%emt 0:00:16]} 74. Kd5 {[%emt 0:00:18]} Rh5 {[%emt 0:00:13]} 75. Rf8 {[%emt 0:01:07]} Ka2 {[%emt 0:00:33]} 76. Rf2 {[%emt 0:00:12]} Kb3 {[%emt 0:00:43]} 77. Re2 {[%emt 0:00:13]} Rh3 {[%emt 0:00:45]} 78. Kc5 {[%emt 0:00:14]} Rh4 {[%emt 0:00:51]} 79. Kd5 {[%emt 0:01:41]} Rh3 {[%emt 0:00:42]} 80. Re4 {[%emt 0:00:14]} Rd3+ {[%emt 0:00:33]} 81. Kc5 {[%emt 0:00:17]} 1-0

[Event "19th Lviv Tradition 2018"]
[Site "Lviv"]
[Date "2018.01.25"]
[Round "7"]
[White "Kryvoruchko, Vita"]
[Black "Kyrychenko, Maryan"]
[Result "1-0"]
[WhiteElo "2192"]
[BlackElo "2254"]
[Annotator "NA"]
[PlyCount "89"]
[EventDate "2018.??.??"]
[EventType "tourn"]
[EventCountry "UKR"]
[SourceTitle "playchess.com"]
[Source "ChessBase"]
[SourceQuality "1"]
[TimeControl "5400+30"]

1. d4 {[%emt 0:00:06]} Nf6 {[%emt 0:00:28]} 2. c4 {[%emt 0:00:05]} e6 {[%emt 0:00:24]} 3. Nc3 {[%emt 0:00:06]} Bb4 {[%emt 0:00:08]} 4. f3 {[%emt 0:00:03]} c5 {[%emt 0:00:05] LiveBook: 1011 Games} 5. a3 {[%emt 0:01:19]} Bxc3+ {[%emt 0:00:37]} 6. bxc3 {[%emt 0:00:01]} d5 {[%emt 0:02:08]} 7. e3 {[%emt 0:00:08]} O-O {[%emt 0:00:13]} 8. Bd3 {[%emt 0:00:04]} Nc6 {[%emt 0:00:13]} 9. Ne2 {[%emt 0:00:13]} b6 {[%emt 0:05:01]} 10. O-O {[%emt 0:00:06]} Re8 {[%emt 0:00:16]} 11. cxd5 {[%emt 0:16:10]} exd5 {[%emt 0:01:22]} 12. Ng3 {[%emt 0:00:25]} a5 {[%emt 0:04:31] E49: Nimzo-Indian: Rubinstein: 5 Bd3 d5 6 a3 Bxc3+ 7 bxc3} 13. Re1 {[%emt 0:03:31]} (13. Kh1 Ba6 14. Bxa6 Rxa6 15. Ra2 Ra7 16. a4 Rae7 17. Qb3 cxd4 18. cxd4 Nb4 19. Re2 Rc7 20. Ba3 {0-1 (40) Tregubov,P (2585)-Mareco,S (2635) Doha 2016}) 13... Ba6 {[%emt 0:02:10]} 14. Bxa6 {[%emt 0:01:03]} Rxa6 {[%emt 0:00:01]} 15. Bb2 $146 {[%emt 0:00:09]} ({Predecessor:} 15. Ra2 cxd4 16. cxd4 b5 17. Rc2 Qb6 18. Rc5 a4 19. Qd3 Rb8 20. e4 dxe4 21. fxe4 Nd7 22. Rd5 Nde5 23. Qc3 Nc4 24. Nf5 N6e5 25. Bf4 Re8 26. Bxe5 {1-0 (26) Muir,A (2297)-Rogacewicz,M (1961) Hastings 2018}) 15... h5 {[%emt 0:28:08] [#]} 16. e4 $1 {[%emt 0:08:12]} g6 {[%emt 0:14:08]} 17. e5 {[%emt 0:00:25]} Nh7 {[%emt 0:00:31]} 18. e6 {[%emt 0:01:04]} f5 {[%emt 0:01:10]} 19. c4 {[%emt 0:13:05]} Nxd4 {[%emt 0:08:08]} 20. Bxd4 {[%emt 0:00:16]} cxd4 {[%emt 0:00:01]} 21. Qxd4 {[%emt 0:00:33]} dxc4 {[%emt 0:00:08]} 22. Qxc4 {[%emt 0:02:10]} b5 $1 {[%emt 0:00:06]} 23. Qb3 {[%emt 0:01:13]} Qb6+ {[%emt 0:00:30]} 24. Kh1 {[%emt 0:01:55]} Rxe6 {[%emt 0:00:31]} 25. Rxe6 {[%emt 0:10:08]} Qxe6 {[%emt 0:00:08]} 26. Qxb5 {[%emt 0:00:04]} Nf6 {[%emt 0:02:52]} 27. Rc1 {[%emt 0:01:10]} a4 $14 {[%emt 0:13:59]} 28. Ne2 {[%emt 0:00:40]} Rb6 {[%emt 0:01:59]} 29. Qa5 {[%emt 0:00:20]} Rd6 {[%emt 0:02:25]} 30. Ng1 {[%emt 0:04:01]} Qd7 {[%emt 0:05:26]} 31. Rc7 {[%emt 0:00:41]} Qe8 {[%emt 0:03:04]} 32. Ra7 {[%emt 0:03:55]} Rd8 {[%emt 0:00:18]} 33. Qc7 {[%emt 0:01:07]} Qd7 {[%emt 0:01:49]} 34. Qc4+ {[%emt 0:01:04]} Qd5 {[%emt 0:00:01]} 35. Qxa4 {[%emt 0:00:12]} Rc8 {[%emt 0:02:28]} 36. Qb4 {[%emt 0:07:46]} Re8 {[%emt 0:01:05]} 37. a4 {[%emt 0:01:48]} Nd7 {[%emt 0:01:42]} 38. a5 {[%emt 0:00:56]} Ne5 {[%emt 0:00:36]} 39. a6 {[%emt 0:05:56]} Nd3 {[%emt 0:00:20]} 40. Qb6 {[%emt 0:00:37]} Re6 {[%emt 0:00:45]} 41. Qb8+ {[%emt 0:00:08]} Re8 42. Qb6 Qd6 43. Qb3+ Re6 44. g3 Qb6 45. Ra8+ 1-0